Qualitative research (Record no. 1848248)

MARC details
000 -LEADER
fixed length control field 00660nam a22002297a 4500
005 - DATE AND TIME OF LATEST TRANSACTION
control field 20260413111644.0
008 - FIXED-LENGTH DATA ELEMENTS--GENERAL INFORMATION
fixed length control field 260413b |||||||| |||| 00| 0 eng d
020 ## - INTERNATIONAL STANDARD BOOK NUMBER
International Standard Book Number 9781529688092
037 ## - SOURCE OF ACQUISITION
Terms of availability TB
040 ## - CATALOGING SOURCE
Original cataloging agency CRL
Transcribing agency CRL
041 ## - LANGUAGE CODE
Source of code eng
Language code of text/sound track or separate title eng
084 ## - COLON CLASSIFICATION NUMBER
Classification number Σ:f R6
Assigning agency CRL
245 ## - TITLE STATEMENT
Title Qualitative research
260 ## - PUBLICATION, DISTRIBUTION, ETC.
Place of publication, distribution, etc. London, UK:
Name of publisher, distributor, etc. Sage,
Date of publication, distribution, etc. 2026.
300 ## - PHYSICAL DESCRIPTION
Extent 490p.
365 ## - TRADE PRICE
Price amount 48.99
Currency code GBP
650 ## - SUBJECT ADDED ENTRY--TOPICAL TERM
Topical term or geographic name entry element Social Sciences
650 ## - SUBJECT ADDED ENTRY--TOPICAL TERM
Topical term or geographic name entry element Research Methodology
700 ## - ADDED ENTRY--PERSONAL NAME
Personal name Silverman, David
Relator term Editor,
942 ## - ADDED ENTRY ELEMENTS (KOHA)
Source of classification or shelving scheme Colon Classification (CC)
Koha item type Textbook
Edition 6th
Classification part Σ:f R6
Suppress in OPAC No
Holdings
Withdrawn status Lost status Source of classification or shelving scheme Damaged status Not for loan Home library Current library Date acquired Source of acquisition Inventory number Total Checkouts Full call number Barcode Date last seen Price effective from Koha item type Public note
    Colon Classification (CC)     Central Library Central Library 2026-04-13 Shivam Book Service 171 & 18/12/2026   Σ:f R6 CL1926618 2026-04-13 2026-04-13 Textbook Department of Continuing Education and Extension
    Colon Classification (CC)     Central Library Central Library 2026-04-13 Shivam Book Service 171 & 18/12/2026   Σ:f R6 CL1926619 2026-04-13 2026-04-13 Textbook Department of Continuing Education and Extension
Copyright @ Delhi University Library System